Polymer processing principles and design /

Kaydedildi:
Detaylı Bibliyografya
Yazar: Baird, Donald G.
Diğer Yazarlar: Collias, Dimitris I.
Materyal Türü: Kitap
Dil:English
Baskı/Yayın Bilgisi: New York : John Wiley and Sons, 1998.
Konular:
Etiketler: Etiketle
Etiket eklenmemiş, İlk siz ekleyin!
Thư viện lưu trữ: Mạng thư viện Đại học Đà Nẵng
LEADER 00881cmm a2200325 i 4500
001 000049956
003 10132
005 20030402154022.0
008 010426|1998 vm 000 eng
020 |a 0471254533 
040 |a IRC  |c IRC  |d IRC 
041 0 |a eng 
082 1 4 |a 668.423  |b BA-D 
100 1 |a Baird, Donald G. 
245 0 0 |a Polymer processing  |h [Float Disk-Đĩa mềm] :  |b principles and design /  |c Donald G. Baird, Dimitris I. Collias. 
260 |a New York :  |b John Wiley and Sons,  |c 1998. 
300 |a 1 computer disk ;  |c 3 1/2 in. 
630 0 4 |a Thermoplastics. 
650 0 4 |a Thermoplastics. 
700 1 |a Collias, Dimitris I. 
OWN |a DUT 
999 |a From the UDN01 
TYP |a Computer file 
TYP |a Monograph 
980 |a Mạng thư viện Đại học Đà Nẵng